000 00406nam a2200169Ia 4500
001 19504
003 IN-NITTTR
005 20251114233225.0
008 251113s9999||||xx |||||||||||||| ||eng||
040 _beng
040 _cIN-NITTTR
041 _aeng
082 _a025.302854 E74
100 _aSamuels, Alan R.
245 0 _aEssential guide to the library IBM PC /
_cSamuels, Alan R.
942 _2ddc
_cBK
999 _c22138
_d22138